000 00423nam a2200181Ia 4500
003 OSt
005 20250416090956.0
008 210210b xxu||||| |||| 00| 0 eng d
040 _cAL
041 _aKannada
082 _a859/850
100 _aDEVUDU
_9135757
_bದೇವುಡು
245 _aMayura
_bಮಯೂರ
260 _aBengaluru
_b-
690 _aKannada Fiction
_9135759
906 _a021609
942 _2ddc
_cBK
999 _c145697
_d145697